00548nam a2200181 i 4500001000400000100003100004245004100035260006700076300002100143490002600164650003000190651005100220655001200271830002600283040000800309041000800317008004100325bgj1 aPOWELL, Anthonyd(1905- ).10aThe Soldier's Art /cAnthony Powell. aLondon? :bFontana Books,c1968=bby agreement with Heinemann. a221 pp ;c18 cm.1 aFontana Modern Novels 9aAuthobiographical fiction 9aEnglandxSocial life and customsy20th century aFiction aFontana Modern Novels cBPK0 aeng s uk f |000 0 eng